[Event "Challenge"]
[Site "http://www.queenalice.com/game.php?id=179114"]
[Date "2007.3.9"]
[Round "-"]
[White "Nelson"]
[Black "xcorex"]
[Result "1-0"]
[WhiteElo "2066"]
[BlackElo "1863"]

1. e4 c5 2. Nf3 d6 3. Nc3 Nc6 4. d4 cxd4 5. Nxd4 Nf6 6. Nxc6 bxc6 7. Be2 g6 8.
O-O Bg7 9. e5 dxe5 10. Qxd8+ Kxd8 11. Rd1+ Kc7 12. Be3 Bf5 13. Rac1 Kb8 14. Bc4
e6 15. Bc5 Nd5 16. Ba6 Rd8 17. Be7 Rd7 18. Bg5 f6 19. Bd2 Bxc2 20. Nxd5 Rd8 21.
Ba5 Rxd5 22. Rxd5 exd5 23. Rxc2 1-0

[Event "Heaven vs Hell"]
[Site "http://www.queenalice.com/game.php?id=195916"]
[Date "2007.4.12"]
[Round "2"]
[White "DuckKiller"]
[Black "xcorex"]
[Result "1-0"]
[WhiteElo "1809"]
[BlackElo "1807"]

1. Nf3 d5 2. d4 Nf6 3. Nbd2 g6 4. c3 Bg7 5. Qc2 Bf5 6. Qb3 b6 7. e3 O-O 8. h3
Nc6 9. g4 Bc8 10. Bd3 Bb7 11. Qc2 e6 12. e4 dxe4 13. Nxe4 Nxe4 14. Bxe4 f5 15.
Bg5 Qe8 16. Nd2 fxe4 17. O-O-O Rxf2 18. Qxe4 Rb8 19. Qe3 Rf8 20. Rhf1 Rxf1 21.
Rxf1 e5 22. d5 Nd8 23. c4 Nf7 24. Bf6 Bxf6 25. Rxf6 c6 26. dxc6 Bxc6 27. Kb1 e4
28. Rf1 a5 29. Rc1 Qd7 30. Rc3 Qb7 31. Rb3 Ne5 32. c5 b5 33. Rc3 Nd3 34. g5 b4
35. Rxd3 exd3 36. Qe6+ Kg7 37. Qf6+ Kg8 38. Qe6+ 1-0

[Event "AEAP"]
[Site "http://www.queenalice.com/game.php?id=202980"]
[Date "2007.4.27"]
[Round "2"]
[White "xcorex"]
[Black "DuckKiller"]
[Result "1/2-1/2"]
[WhiteElo "1826"]
[BlackElo "1801"]

1. e4 c5 2. Nf3 e6 3. d4 cxd4 4. Nxd4 Nc6 5. Nc3 a6 6. Bf4 g6 7. Bc4 b5 8. Nxc6
Qb6 9. Ne5 bxc4 10. Nxc4 Qb4 11. Qd4 f6 12. Bd6 e5 13. Qd5 Qb7 14. Qc5 Ne7 15.
Nb6 Rb8 16. Bxb8 Qxb8 17. Nxc8 Nxc8 18. Qc4 Nd6 19. Qb3 Qb7 20. Qxb7 Nxb7 21.
Nd5 Be7 22. Nc7+ Kf7 23. Nxa6 Ra8 24. Nc7 Rc8 25. Nd5 Rxc2 26. Nxe7 Kxe7 27. b4
Nd6 28. f3 Rxg2 29. a4 Nc4 30. h4 Ne3 31. Rb1 Nc2+ 32. Kf1 Ne3+ 33. Ke1 Nc2+ 34.
Kd1 Ne3+ 35. Ke1 Nc2+ 36. Kd1 Ne3+ 37. Ke1 1/2-1/2

[Event "Challenge"]
[Site "http://www.queenalice.com/game.php?id=255274"]
[Date "2007.8.14"]
[Round "-"]
[White "xcorex"]
[Black "arniecoruja"]
[Result "1-0"]
[WhiteElo "1791"]
[BlackElo "1614"]

1. e4 e5 2. d4 d6 3. dxe5 dxe5 4. Qxd8+ Kxd8 5. Nf3 f6 6. Nc3 Bb4 7. Bd2 Bg4 8.
Be2 c6 9. O-O-O g5 10. Bxg5+ Kc7 11. Bd2 b5 12. a3 Bc5 13. h3 Be6 14. Be3 Nd7
15. Rxd7+ Bxd7 16. Bxc5 a5 17. g4 Rb8 18. b4 axb4 19. axb4 Re8 20. Nd2 Be6 21.
h4 h6 22. Rf1 Ne7 23. h5 Rhg8 24. f3 Nc8 25. Be3 Rh8 26. f4 Nb6 27. fxe5 fxe5
28. Rf6 Nc4 29. Bxh6 Nxd2 30. Bxd2 Bd7 31. h6 Reg8 32. g5 Be8 33. Re6 Bf7 34.
Re7+ Kb6 35. Rxf7 Ra8 36. Be3+ 1-0

[Event "Challenge"]
[Site "http://www.queenalice.com/game.php?id=601648"]
[Date "2009.6.11"]
[Round "-"]
[White "arniecoruja"]
[Black "xcorex"]
[Result "0-1"]
[WhiteElo "1793"]
[BlackElo "1800"]

1. e4 c5 2. Nf3 d6 3. d4 cxd4 4. Nxd4 Nf6 5. Nc3 a6 6. h3 e6 7. f4 Nc6 8. Be3 g6
9. g4 d5 10. e5 Nxd4 11. Qxd4 Nd7 12. Na4 b5 13. Nb6 Bc5 14. Qd3 Bxb6 15. f5
Nxe5 16. Bxb6 Nxd3+ 0-1

[Event "Challenge"]
[Site "http://www.queenalice.com/game.php?id=601649"]
[Date "2009.6.11"]
[Round "-"]
[White "xcorex"]
[Black "arniecoruja"]
[Result "0-1"]
[WhiteElo "1816"]
[BlackElo "1798"]

1. e4 e5 2. Nf3 Qe7 3. Nc3 Nf6 4. Bc4 d6 5. d3 Be6 6. Bg5 Bxc4 7. dxc4 h6 8. Be3
Nc6 9. O-O g5 10. Nd5 Nxd5 11. cxd5 Nd8 12. c4 Qd7 13. h4 g4 14. Nd2 f5 15. exf5
Qxf5 16. Qa4+ Ke7 17. Bxh6 Rxh6 18. Nb3 Rxh4 19. g3 Rh3 20. Nd2 Qh5 21. f4 Rh1+
22. Kf2 Qh2+ 23. Ke3 Qxg3+ 24. Ke4 Qg2+ 25. Kd3 Qh3+ 26. Kc2 Rh2 27. fxe5 Bh6
28. exd6+ Kxd6 29. Rfd1 Nf7 30. Qb4+ Kd7 31. Qxb7 Re8 32. Qc6+ Kd8 33. Qa8+ Kd7
34. Qc6+ Kd8 35. Qa8+ Ke7 36. Qxa7 Bxd2 37. Qxc7+ Kf8 38. Qc5+ Kg8 39. Rxd2 Qh7+
40. Kc3 Rh3+ 41. Kb4 Rb8+ 42. Qb5 Rxb5+ 0-1

[Event "o novo jogo"]
[Site "http://www.queenalice.com/game.php?id=660404"]
[Date "2009.9.30"]
[Round "-"]
[White "rigille"]
[Black "xcorex"]
[Result "1/2-1/2"]
[WhiteElo "1034"]
[BlackElo "1799"]

1. e4 c5 2. d4 cxd4 3. Qxd4 Nc6 4. Qd5 Nb4 5. Qf5 Nxc2+ 6. Kd1 g6 7. Qd5 Nxa1 8.
Qd4 f6 9. e5 Bg7 10. b3 Nxb3 11. Qb2 Nc5 12. Nf3 Nh6 13. Bc4 e6 14. exf6 Bxf6
15. Qd2 Ng4 16. Ba3 Ne4 17. Qc2 Nexf2+ 1/2-1/2

[Event "Challenge"]
[Site "http://www.queenalice.com/game.php?id=700226"]
[Date "2009.12.19"]
[Round "-"]
[White "juleba"]
[Black "xcorex"]
[Result "0-1"]
[WhiteElo "1795"]
[BlackElo "1798"]

1. e4 c5 2. Bc4 Nc6 3. Nf3 d6 4. h3 Nf6 5. Ng5 e6 6. Bb5 Bd7 7. Nc3 a6 8. Bxc6
Bxc6 9. d3 Be7 10. O-O O-O 11. f4 d5 12. e5 Nd7 13. Bd2 Bxg5 14. fxg5 d4 15. Ne4
Bxe4 16. dxe4 Nxe5 17. b4 Qb6 18. c3 dxc3 19. Be3 Qxb4 20. Re1 Rfd8 21. Qc2 Nd3
22. Re2 Qxe4 23. Bxc5 Qc4 24. Bb6 Rd6 25. Rb1 Nb4 26. Re4 Nxc2 27. Rxc4 Na3 28.
Rxc3 Nxb1 29. Rc7 Rxb6 0-1

[Event "Hey, ho!"]
[Site "http://www.queenalice.com/game.php?id=850792"]
[Date "2010.10.26"]
[Round "-"]
[White "xcorex"]
[Black "talbot"]
[Result "1/2-1/2"]
[WhiteElo "1814"]
[BlackElo "1479"]

1. e4 e5 2. Nf3 d6 3. d4 Nd7 4. Bc4 Nh6 5. O-O c6 6. Ng5 d5 7. Ne6 fxe6 8. exd5
cxd5 9. Bxh6 gxh6 10. Qh5+ Ke7 11. Qh4+ Ke8 12. Qh5+ 1/2-1/2

[Event "Lets Go!"]
[Site "http://www.queenalice.com/game.php?id=852039"]
[Date "2010.10.29"]
[Round "-"]
[White "talbot"]
[Black "xcorex"]
[Result "0-1"]
[WhiteElo "1494"]
[BlackElo "1814"]

1. d4 Nf6 2. Bf4 g6 3. Nf3 d5 4. e3 Bg7 5. Bb5+ c6 6. Ba4 Qa5+ 7. Nfd2 Qxa4 8.
b3 Qa5 9. c3 Bf5 10. b4 Qb6 11. Qa4 Bd3 12. Be5 Bb5 13. Qa3 a5 14. bxa5 Rxa5 15.
Qb3 Nbd7 16. a4 Nxe5 17. dxe5 Nd7 18. Na3 Rxa4 19. Rb1 Nc5 20. Nxb5 Nxb3 21.
Rxb3 cxb5 22. Ke2 Bxe5 23. Nf3 Bd6 24. Rd1 e6 25. Nd4 b4 26. g3 Qa6+ 27. Kf3 e5
28. Nc2 e4+ 29. Kg2 Ra2 30. Nxb4 Bxb4 31. Rxb4 Qc6 32. c4 dxc4 33. Kh3 Rxf2 34.
Ra1 Qe6+ 35. g4 Rf3+ 36. Kg2 Qxg4+ 37. Kh1 Rf2 38. Ra8+ Kd7 39. Rxb7+ Kc6 40. h3
Qg2# 0-1

[Event "Grrrrr"]
[Site "http://www.queenalice.com/game.php?id=858627"]
[Date "2010.11.13"]
[Round "-"]
[White "xcorex"]
[Black "talbot"]
[Result "1-0"]
[WhiteElo "1820"]
[BlackElo "1487"]

1. e4 c6 2. g3 Nf6 3. Nc3 h6 4. Bg2 Qc7 5. Nf3 b6 6. O-O e6 7. d4 d6 8. Re1 Ba6
9. Bf4 g5 10. Bd2 Bg7 11. d5 cxd5 12. exd5 Nbd7 13. dxe6 Nc5 14. e7 Qc6 15. Nxg5
hxg5 16. Bxc6+ 1-0

[Event ":)"]
[Site "http://www.queenalice.com/game.php?id=880592"]
[Date "2011.1.3"]
[Round "-"]
[White "xcorex"]
[Black "arniecoruja"]
[Result "1-0"]
[WhiteElo "1823"]
[BlackElo "1814"]

1. e4 e5 2. Nf3 Qe7 3. Nc3 Nf6 4. Bc4 d6 5. d3 Be6 6. O-O h6 7. Bxe6 Qxe6 8. d4
g5 9. Qd3 Nbd7 10. Be3 Nh5 11. Nb5 Qg4 12. Nxc7+ Kd8 13. Nxa8 Nf4 14. Bxf4 exf4
15. Qc4 Ke7 16. Qb5 Kf6 17. h3 Qe6 18. d5 Qe7 19. Nc7 Ne5 20. Qxb7 Nxf3+ 21.
gxf3 h5 22. Qxa7 Ke5 23. Rfe1 Rg8 24. Qb6 g4 25. Nb5 gxf3+ 26. Kh1 Kf6 27. Nxd6
1-0

[Event "http://www.reddit.com/"]
[Site "http://www.queenalice.com/game.php?id=906738"]
[Date "2011.2.28"]
[Round "-"]
[White "talbot"]
[Black "xcorex"]
[Result "0-1"]
[WhiteElo "1472"]
[BlackElo "1841"]

1. e4 c5 2. c3 Nf6 3. e5 Nd5 4. c4 Nb6 5. b3 Nc6 6. Nf3 d6 7. Nc3 dxe5 8. Ba3 e6
9. Ne4 f5 10. Nxc5 Bxc5 11. Bxc5 Nd7 12. g3 Nxc5 13. a4 b6 14. Bg2 Nd3+ 15. Ke2
e4 16. Qc2 exf3+ 17. Bxf3 Nd4+ 18. Kxd3 Nxf3+ 19. Ke2 Nd4+ 20. Kd3 Nxc2+ 21.
Kxc2 Bb7 22. Rhe1 Be4+ 23. Kc3 Qd3+ 24. Kb2 Qxd2+ 25. Ka3 a5 26. f3 O-O-O 27.
fxe4 Qb4+ 28. Kb2 Rd2+ 29. Kb1 Qxb3+ 30. Kc1 Qb2# 0-1

[Event "Webm"]
[Site "http://www.queenalice.com/game.php?id=912386"]
[Date "2011.3.13"]
[Round "-"]
[White "xcorex"]
[Black "talbot"]
[Result "1-0"]
[WhiteElo "1847"]
[BlackElo "1470"]

1. Nf3 d5 2. g3 Nf6 3. Bg2 c6 4. Nc3 Na6 5. d4 Nc7 6. O-O g6 7. Bg5 Bg7 8. Re1
h6 9. Bxf6 Bxf6 10. e4 dxe4 11. Nxe4 Bg7 12. c4 b5 13. Nd6+ Qxd6 14. Ne5 f6 15.
Nxg6 Rg8 16. Rxe7+ Qxe7 17. Nxe7 Kxe7 18. Qe2+ Kf7 19. Qh5+ Ke7 20. Qc5+ Kd7 21.
Qxc6+ Kd8 22. Qd6+ Ke8 23. Qxc7 f5 24. Re1+ Kf8 25. Qe7# 1-0

[Event "Mais uma surra"]
[Site "http://www.queenalice.com/game.php?id=1165096"]
[Date "2013.3.26"]
[Round "-"]
[White "xcorex"]
[Black "talbot"]
[Result "1-0"]
[WhiteElo "1849"]
[BlackElo "1480"]

1. e4 Nc6 2. Nf3 f6 3. Nc3 a6 4. Bc4 e6 5. O-O b5 6. Bb3 f5 7. exf5 exf5 8. Re1+
Nge7 9. d3 g6 10. Bg5 d6 11. Nd5 Ne5 12. Nf6# 1-0